[Event "AUTO-ADV-3095"]
[Site "http://www.queenalice.com/game.php?id=1262895"]
[Date "2014.3.6"]
[Round "1"]
[White "ShuraCapricornio"]
[Black "jahe"]
[Result "0-1"]
[WhiteElo "1832"]
[BlackElo "1788"]

1. d4 Nf6 2. c4 e6 3. Nc3 c6 4. Bg5 Be7 5. e4 Qa5 6. Bxf6 Bxf6 7. e5 Be7 8. Bd3
d5 9. c5 b6 10. cxb6 Qxb6 11. Nge2 Nd7 12. b3 O-O 13. O-O f6 14. f4 fxe5 15.
fxe5 Ba6 16. Bxa6 Qxa6 17. Nf4 Qb6 18. Nxe6 Rxf1+ 19. Qxf1 Nxe5 20. Re1 Ng6 21.
Qd3 Re8 22. Na4 Qb7 23. Nec5 Qc8 24. Re6 Bf6 25. Rxe8+ Qxe8 26. Qd2 Nh4 27. h3
Qg6 28. Kh2 Be7 29. Nd7 Qd6+ 30. Ne5 Bf6 31. Qe3 Nf5 32. Qd3 Nh4 33. g3 Bxe5 34.
dxe5 Qxe5 35. Nc5 Qb2+ 36. Kh1 Qg2# 0-1

[Event "AUTO-ADV-3095"]
[Site "http://www.queenalice.com/game.php?id=1262910"]
[Date "2014.3.6"]
[Round "1"]
[White "Artking"]
[Black "ShuraCapricornio"]
[Result "1-0"]
[WhiteElo "2091"]
[BlackElo "1842"]

1. e4 c5 2. Nf3 d6 3. d4 cxd4 4. Nxd4 Nf6 5. Nc3 Bd7 6. Be3 Nc6 7. Qd2 a6 8. Bc4
e6 9. O-O-O Be7 10. Kb1 O-O 11. g4 Nxg4 12. Rdg1 Nxe3 13. Qxe3 Bf6 14. Nde2 b5
15. Bb3 Rc8 16. f4 Na5 17. e5 dxe5 18. fxe5 Be7 19. Ne4 Bc5 20. Qg3 Bxg1 21.
Rxg1 g6 22. Nf6+ Kh8 23. Qh4 h5 24. Qg5 Kg7 25. Nf4 Qe8 26. N4xh5+ 1-0

[Event "AUTO-ADV-3095"]
[Site "http://www.queenalice.com/game.php?id=1262911"]
[Date "2014.3.6"]
[Round "1"]
[White "ShuraCapricornio"]
[Black "Artking"]
[Result "1-0"]
[WhiteElo "1935"]
[BlackElo "1944"]

1. Nf3 d6 2. g3 c6 3. Bg2 Nf6 4. d3 e5 5. e4 h6 6. O-O Be7 7. Nc3 Bg4 8. h3 Be6
9. Nh4 Qc8 10. Kh2 Nbd7 11. Nf5 Bxf5 12. exf5 Qc7 13. Re1 O-O-O 14. f4 g5 15.
fxg5 hxg5 16. Bxg5 Ng4+ 17. Qxg4 Rdg8 18. Ne4 f6 19. Qf3 fxg5 20. g4 d5 21. Ng3
Nf6 22. Kg1 Bc5+ 23. Kf1 d4 24. Ne4 Be7 25. Rac1 Nd5 26. c4 Ne3+ 27. Ke2 Qb6 28.
b3 Rh4 29. Qg3 Nxg2 30. Qxg2 c5 31. Rh1 Qa5 32. Rc2 Qb6 33. Qg3 Bf6 34. Kf2 Qc6
35. Re2 Rgh8 36. a3 Be7 37. Qxe5 R4h7 38. Kg2 Re8 39. f6 Bf8 40. Qxe8+ Qxe8 41.
Nd6+ Bxd6 42. Rxe8+ Kd7 43. Re4 Rf7 44. Rf1 Bf4 45. Re7+ Rxe7 46. fxe7 Kxe7 47.
Rxf4 gxf4 48. Kf3 Kf6 49. Kxf4 1-0

[Event "AUTO-ADV-3095"]
[Site "http://www.queenalice.com/game.php?id=1262920"]
[Date "2014.3.6"]
[Round "1"]
[White "Ditto"]
[Black "ShuraCapricornio"]
[Result "0-1"]
[WhiteElo "1673"]
[BlackElo "1911"]

1. d4 d5 2. Nf3 c6 3. e3 Nf6 4. Bd3 Bg4 5. h3 Bh5 6. g4 Bg6 7. Bxg6 fxg6 8. Nc3
Nbd7 9. Qe2 e6 10. Ng5 Qe7 11. Bd2 O-O-O 12. Nf3 h6 13. a3 g5 14. Na2 Ne4 15.
Ba5 b6 16. Qa6+ Kb8 17. Bb4 c5 18. dxc5 Ndxc5 19. Qb5 Qd7 20. Qe2 Nb7 21. Ne5
Qc7 22. Bc3 Nxc3 23. Nxc3 Qxe5 24. O-O-O Bxa3 25. Rd4 Rc8 26. bxa3 Rxc3 27. a4
Rhc8 28. Rd2 Ra3 29. Rd4 Ra1+ 30. Kd2 Rxh1 31. Rb4 Qc3# 0-1

[Event "AUTO-ADV-3095"]
[Site "http://www.queenalice.com/game.php?id=1262921"]
[Date "2014.3.6"]
[Round "1"]
[White "ShuraCapricornio"]
[Black "Ditto"]
[Result "1-0"]
[WhiteElo "1894"]
[BlackElo "1614"]

1. d4 d5 2. c4 dxc4 3. Nc3 Nf6 4. Bg5 e6 5. e3 Nbd7 6. Bxc4 Bb4 7. Ne2 O-O 8.
O-O b6 9. Ne4 Bb7 10. N2g3 Bd6 11. f4 Be7 12. Nxf6+ Bxf6 13. Bxf6 Qxf6 14. e4
Qe7 15. e5 Nb8 16. a3 Nd7 17. f5 exf5 18. Nxf5 Qg5 19. Ng3 Rad8 20. Qb3 Bc6 21.
Rxf7 Rxf7 22. Bxf7+ Kh8 23. e6 Nf6 24. Re1 Bd5 25. e7 Qd2 26. exd8=Q+ 1-0

[Event "Challenge"]
[Site "http://www.queenalice.com/game.php?id=1266522"]
[Date "2014.3.20"]
[Round "-"]
[White "EduardoObjetivo"]
[Black "ShuraCapricornio"]
[Result "0-1"]
[WhiteElo "1594"]
[BlackElo "1855"]

1. Nf3 d5 2. g3 c6 3. Bg2 Nf6 4. O-O Bg4 5. Ne5 Bh5 6. d3 e6 7. Nd2 Bd6 8. Nef3
O-O 9. Re1 e5 10. e4 d4 11. c3 c5 12. cxd4 cxd4 13. Qb3 Qe7 14. Nc4 b6 15. Nh4
Nc6 16. Nf5 Qd7 17. Nfxd6 Rad8 18. Bg5 Ne8 19. Bxd8 Nxd8 20. Nxe8 Rxe8 21. f4
exf4 22. gxf4 Ne6 23. Rf1 Nc5 24. Qc2 f6 25. Kh1 Bf7 26. Rf3 b5 27. Nd2 Rc8 28.
Qb1 a6 29. Bh3 Be6 30. Bxe6+ Nxe6 31. a4 b4 32. Nc4 Nc5 0-1

[Event "Challenge"]
[Site "http://www.queenalice.com/game.php?id=1266529"]
[Date "2014.3.20"]
[Round "-"]
[White "EduardoObjetivo"]
[Black "ShuraCapricornio"]
[Result "0-1"]
[WhiteElo "1607"]
[BlackElo "1842"]

1. f4 e6 2. Nf3 d5 3. e3 c5 4. b3 Nf6 5. Bb2 Be7 6. c4 O-O 7. cxd5 Nxd5 8. Be2
Nc6 9. O-O Bd7 10. Bb5 Rc8 11. Bxc6 Bxc6 12. Ne5 Bf6 13. Qg4 Ne7 14. Nxc6 Nxc6
15. Bxf6 Qxf6 16. Na3 a6 17. Nc4 b5 18. Nd6 Rcd8 19. Ne4 Qg6 20. Qxg6 hxg6 21.
Nxc5 a5 22. d4 Ne7 23. Nb7 Ra8 24. e4 Nc6 25. Rfd1 Ra7 26. Nd6 b4 27. Rac1 Ne7
28. Rc5 Rd8 29. Nb5 Rad7 30. g4 f6 31. Rdc1 f5 0-1

[Event "Challenge"]
[Site "http://www.queenalice.com/game.php?id=1266530"]
[Date "2014.3.20"]
[Round "-"]
[White "EduardoObjetivo"]
[Black "ShuraCapricornio"]
[Result "0-1"]
[WhiteElo "1622"]
[BlackElo "1827"]

1. e4 c6 2. c4 d5 3. cxd5 cxd5 4. exd5 Qxd5 5. Nc3 Qd8 6. d4 Nc6 7. Nf3 Bg4 8.
Bc4 e6 9. Be3 Nf6 10. O-O Be7 11. h3 Bh5 12. d5 exd5 13. Nxd5 Nxd5 14. Bxd5 Qc7
15. Rc1 O-O 16. Qa4 Rfc8 17. Nd4 Qd6 18. Bxc6 bxc6 19. Nf5 Qf6 20. Nxe7+ Qxe7
21. Rxc6 Qe5 22. Bd4 Qd5 23. Rxc8+ Rxc8 24. Re1 h6 25. Qxa7 Rc2 26. Qb8+ Kh7 27.
Qe5 Qxe5 28. Rxe5 f6 29. Rxh5 Kg6 30. Rc5 Rd2 31. Bc3 Rc2 32. a4 Rc1+ 33. Kh2
Rc2 0-1

[Event "Challenge"]
[Site "http://www.queenalice.com/game.php?id=1266531"]
[Date "2014.3.20"]
[Round "-"]
[White "EduardoObjetivo"]
[Black "ShuraCapricornio"]
[Result "0-1"]
[WhiteElo "1600"]
[BlackElo "1849"]

1. d4 d5 2. c4 c6 3. Nc3 Nf6 4. Nf3 dxc4 5. e4 b5 6. Qc2 e6 7. g3 Be7 8. Bg2 O-O
9. O-O Bd7 10. a4 a6 11. axb5 cxb5 12. Bg5 Ra7 13. h4 h6 14. Bf4 Bc6 15. e5 Nd5
16. Nxd5 exd5 17. Qd2 a5 18. Bxh6 gxh6 19. Qxh6 Re8 20. e6 Bf8 21. exf7+ Kxf7
22. Qh7+ Bg7 23. Ne5+ Kf8 24. Ng6+ Kf7 25. Ne5+ Kf8 26. Ng6+ Kf7 27. Ne5+ Rxe5
28. dxe5 Kf8 29. h5 Qb6 30. h6 Bxe5 31. Qf5+ Kg8 0-1

[Event "Challenge"]
[Site "http://www.queenalice.com/game.php?id=1266532"]
[Date "2014.3.20"]
[Round "-"]
[White "EduardoObjetivo"]
[Black "ShuraCapricornio"]
[Result "0-1"]
[WhiteElo "1614"]
[BlackElo "1835"]

1. c4 Nf6 2. Nc3 g6 3. e4 d6 4. Nf3 Bg7 5. g3 O-O 6. Bg2 e5 7. d4 Nbd7 8. O-O
Re8 9. Re1 exd4 10. Nxd4 Nc5 11. Bg5 Qd7 12. f4 Ne6 13. Bxf6 Bxf6 14. Nxe6 Qxe6
15. Qb3 Bd4+ 16. Kh1 c6 17. Rad1 Bxc3 18. Qxc3 Rd8 19. e5 d5 20. cxd5 cxd5 21.
Qc7 Rd7 22. Qc3 b6 23. g4 Qxg4 24. Bh3 Qxf4 25. Bxd7 Bxd7 26. Qe3 Qc4 27. b3 Qh4
28. Rd4 Qe7 29. Qh6 Be6 30. Rh4 f5 31. exf6 Qxf6 32. Qxh7+ Kf8 33. Qh6+ Ke7 0-1

[Event "Challenge"]
[Site "http://www.queenalice.com/game.php?id=1266533"]
[Date "2014.3.20"]
[Round "-"]
[White "ShuraCapricornio"]
[Black "EduardoObjetivo"]
[Result "1-0"]
[WhiteElo "1844"]
[BlackElo "1667"]

1. d4 Nf6 2. c4 c5 3. d5 e6 4. Nc3 exd5 5. Nxd5 Nxd5 6. cxd5 d6 7. e4 g6 8. Nf3
Bg7 9. Bd3 O-O 10. O-O Bg4 11. Rb1 a6 12. h3 Bxf3 13. Qxf3 Nd7 14. Bf4 Ne5 15.
Bxe5 Bxe5 16. Qd1 Bd4 17. Kh1 b5 18. f4 c4 19. Bc2 Qb6 20. Qg4 Qc7 21. f5 h5 22.
Qg5 Kh7 23. e5 Rg8 24. fxg6+ fxg6 25. Qxh5+ 1-0

[Event "Challenge"]
[Site "http://www.queenalice.com/game.php?id=1266534"]
[Date "2014.3.20"]
[Round "-"]
[White "ShuraCapricornio"]
[Black "EduardoObjetivo"]
[Result "1-0"]
[WhiteElo "1834"]
[BlackElo "1677"]

1. Nf3 Nf6 2. g3 g6 3. Bg2 Bg7 4. O-O O-O 5. d3 d6 6. e4 c5 7. Nc3 Nc6 8. Re1
Bg4 9. Be3 a6 10. Rb1 b5 11. Nd5 e6 12. Nxf6+ Qxf6 13. Bg5 Bxf3 14. Bxf6 Bxd1
15. Bxg7 Kxg7 16. Rexd1 e5 17. Rf1 Rac8 18. c3 f5 19. exf5 Rxf5 20. f4 exf4 21.
gxf4 Rf6 22. Rbe1 Kf7 23. Re3 Re6 24. Bd5 1-0

[Event "Challenge"]
[Site "http://www.queenalice.com/game.php?id=1266535"]
[Date "2014.3.20"]
[Round "-"]
[White "ShuraCapricornio"]
[Black "EduardoObjetivo"]
[Result "1-0"]
[WhiteElo "1818"]
[BlackElo "1631"]

1. e4 e5 2. Nf3 Nc6 3. Bb5 Nf6 4. O-O d6 5. d3 Be7 6. Bg5 Bg4 7. Nbd2 O-O 8. c3
a6 9. Ba4 b5 10. Bb3 Na5 11. Bc2 Re8 12. d4 exd4 13. cxd4 c5 14. d5 Qb6 15. h3
Bh5 16. Re1 h6 17. Bh4 Nd7 18. Bxe7 Rxe7 19. Qe2 Ne5 20. Bd1 Rae8 21. g4 Nxf3+
22. Qxf3 Bg6 23. Rc1 c4 24. Rc3 f5 25. gxf5 Bxf5 26. Qxf5 Rf7 27. Qg6 Qxf2+ 28.
Kh1 Qxe1+ 29. Kh2 Rf2+ 30. Kg3 Qg1+ 31. Kh4 Qxg6 32. Bg4 1-0

[Event "AUTO-OPEN-3164"]
[Site "http://www.queenalice.com/game.php?id=1283633"]
[Date "2014.5.23"]
[Round "2"]
[White "phystutordotcom"]
[Black "ShuraCapricornio"]
[Result "1-0"]
[WhiteElo "2571"]
[BlackElo "1775"]

1. Nf3 d5 2. g3 c6 3. Bg2 Nf6 4. O-O Bg4 5. c4 e6 6. Qb3 Qc7 7. d4 Nbd7 8. cxd5
cxd5 9. Nc3 a6 10. Bf4 Qb6 11. Qxb6 1-0

[Event "AUTO-OPEN-3164"]
[Site "http://www.queenalice.com/game.php?id=1283634"]
[Date "2014.5.23"]
[Round "2"]
[White "ShuraCapricornio"]
[Black "phystutordotcom"]
[Result "0-1"]
[WhiteElo "1777"]
[BlackElo "2570"]

1. Nf3 Nf6 2. g3 d6 3. Bg2 e5 4. d3 Be7 5. O-O O-O 6. e4 c6 7. Nc3 Be6 8. Bd2 a5
9. Ng5 Bd7 10. f4 Na6 0-1